Zmena hospodárskych záväzkov Výskumná úloha v rámci čiastkovej úlohy. ŠPEV 909 003.3

Na minha lista:
Detalhes bibliográficos
Autor principal: Kubíček, Pavol
Formato: Livro
Idioma:eslovaco
Publicado em: Bratislava Ústav hospodárskeho práva 1983
Edição:1. vyd.
Colecção:Výskumné práce Č. 107
Tags: Adicionar Tag
Sem tags, seja o primeiro a adicionar uma tag!

MARC

LEADER 00000nam a2200000 4500
001 c037849
005 20221220090007.1
041 0 |a slo 
044 |a SK 
245 1 0 |a Zmena hospodárskych záväzkov  |b Výskumná úloha v rámci čiastkovej úlohy. ŠPEV 909 003.3  |c Pavol Kubíček 
250 |a 1. vyd. 
264 1 |a Bratislava  |b Ústav hospodárskeho práva  |c 1983 
300 |a 76 s. 
490 1 |a Výskumné práce  |v Č. 107 
830 0 |a Výskumné práce  |v Č. 107 
100 1 |a Kubíček, Pavol